Sobre el régimen político electoral /
MANUEL
Salvato in:
| Autore principale: | |
|---|---|
| Ente Autore: | |
| Natura: | Sconosciuto |
| Lingua: | Spanish |
| Tags: |
Aggiungi Tag
Nessun Tag, puoi essere il primo ad aggiungerne!!
|
MARC
| LEADER | 00000 a2200000 04500 | ||
|---|---|---|---|
| 001 | 4509 | ||
| 003 | CIDCACS | ||
| 005 | 20221114105158.0 | ||
| 008 | 221114b |||||||| |||| 00| 0 spa d | ||
| 040 | |c CIDCACS | ||
| 100 | 1 | |9 10818 |a Delgado Rojas, Jaime Gerardo |e Autor | |
| 245 | 1 | |a Sobre el régimen político electoral / |c Jaime Gerardo Delgado Rojas | |
| 300 | |a páginas 647-654 | ||
| 520 | |a MANUEL | ||
| 710 | |a Universidad Nacional (Costa Rica) | ||
| 942 | |2 ddc |c LI | ||
| 999 | |c 12099 |d 12099 | ||
| 773 | 0 | |0 17141 |9 4797 |a Costa Rica. |d Heredia: UNA, 1993 |o 22321 |t Ideario Costarricense / |w (cru CIDCACS/IIS)4416 | |
